Nghiên cứu thiết kế bộ đọc và giải mã tọa độ 2D sang G-code cho trục chính máy CNC : Luận văn tốt nghiệp Cao học. Chuyên ngành Kỹ thuật điều khiển & Tự động hóa
Thiết kế hệ thống đọc tọa độ 2D của quỹ đạo trục chính máy CNC; từ đó chuyển dữ liệu tọa độ đã đọc được thành chương trình G-code cho phép lưu trữ và vận hành máy. Hệ thống đọc và giải mã tọa độ này ứng dụng được vào hệ thống s...
Saved in:
| Main Author: | |
|---|---|
| Format: | Book |
| Language: | Undetermined |
| Published: |
Cần Thơ
Trường Đại học Cần Thơ
2019
|
| Subjects: | |
| Tags: |
Add Tag
No Tags, Be the first to tag this record!
|
| Institutions: | Trung tâm Học liệu Trường Đại học Cần Thơ |
|---|
| LEADER | 01437nam a2200229Ia 4500 | ||
|---|---|---|---|
| 001 | CTU_231635 | ||
| 008 | 210402s9999 xx 000 0 und d | ||
| 082 | |a 621.9023 | ||
| 082 | |b Th455 | ||
| 088 | |a 8520216 | ||
| 100 | |a Nguyễn, Huỳnh Viên Thông | ||
| 245 | 0 | |a Nghiên cứu thiết kế bộ đọc và giải mã tọa độ 2D sang G-code cho trục chính máy CNC : | |
| 245 | 0 | |b Luận văn tốt nghiệp Cao học. Chuyên ngành Kỹ thuật điều khiển & Tự động hóa | |
| 245 | 0 | |c Nguyễn Huỳnh Viên Thông ; Nguyễn Hữu Cường (Cán bộ hướng dẫn) | |
| 260 | |a Cần Thơ | ||
| 260 | |b Trường Đại học Cần Thơ | ||
| 260 | |c 2019 | ||
| 520 | |a Thiết kế hệ thống đọc tọa độ 2D của quỹ đạo trục chính máy CNC; từ đó chuyển dữ liệu tọa độ đã đọc được thành chương trình G-code cho phép lưu trữ và vận hành máy. Hệ thống đọc và giải mã tọa độ này ứng dụng được vào hệ thống sao chép biên dạng phục vụ cho máy cắt plasma CNC. | ||
| 650 | |a Machine-tools,Máy công cụ | ||
| 650 | |x Numerical control,Programming,Điều khiển số,Lập trình | ||
| 910 | |b nthai | ||
| 980 | |a Trung tâm Học liệu Trường Đại học Cần Thơ | ||